[Event "Asian Games tt"]
[Site "Hangzhou"]
[Date "2023.09.30"]
[Round "2.19"]
[White "Lee, Kyungseok"]
[Black "Laylo, Darwin"]
[Result "0-1"]
[WhiteElo "2094"]
[BlackElo "2426"]
[PlyCount "50"]
[EventDate "2023.09.29"]
[EventType "team-tourn"]
[EventRounds "9"]
[EventCountry "CHN"]
[SourceTitle "EXT 2024"]
[Source "ChessBase"]
[SourceDate "2023.10.10"]
[SourceVersion "1"]
[SourceVersionDate "2023.10.10"]
[SourceQuality "1"]
[WhiteTeam "Korea"]
[BlackTeam "Philippines"]
[WhiteTeamCountry "KOR"]
[BlackTeamCountry "PHI"]

1. d4 f5 2. g3 Nf6 3. Bg2 g6 4. c4 Bg7 5. Nc3 0-0 6. Nf3 d6 7. d5 c6 8. Nd4 cxd5 9. cxd5 Na6 10. 0-0 Nc5 11. Be3 a5 12. Ndb5 b6 13. Bd4 Qd7 14. a4 Bb7 15. e3 Rf7 16. Rc1 Raf8 17. Ne2 Ba6 18. Bxf6 Bxf6 19. Ned4 Bxd4 20. Qxd4 Nxa4 21. Nc7 Bxf1 22. Bxf1 Nc5 23. Ne6 Nb3 24. Rc7 Qxc7 25. Nxc7 Nxd4 0-1

[Event "Budapest Vezerkepzo IM-B 04"]
[Site "Budapest"]
[Date "2023.04.17"]
[Round "5"]
[White "Pulpan, Jakub"]
[Black "Lee, Kyungseok"]
[Result "1-0"]
[WhiteElo "2427"]
[BlackElo "2013"]
[PlyCount "145"]
[EventDate "2023.04.13"]
[EventType "tourn"]
[EventRounds "9"]
[EventCountry "HUN"]
[SourceTitle "CBM 213 Extra"]
[Source "ChessBase"]
[SourceDate "2023.05.31"]
[SourceVersion "1"]
[SourceVersionDate "2023.05.31"]
[SourceQuality "1"]

1. Nf3 d5 2. b3 Bf5 3. Bb2 e6 4. g3 h6 5. Bg2 Nf6 6. 0-0 Be7 7. c4 c6 8. d3 0-0 9. Nbd2 Bh7 10. a3 Nbd7 11. b4 a5 12. Qb3 axb4 13. axb4 Qb6 14. Bc3 Rfc8 15. Rfb1 Qd8 16. Qb2 Nb6 17. Qb3 Rxa1 18. Rxa1 Ra8 19. Ra5 Nbd7 20. Ra3 Qb8 21. Bh3 Bd8 22. b5 Be7 23. Bb4 Bxb4 24. Qxb4 Rxa3 25. Qxa3 cxb5 26. cxb5 g5 27. Nd4 Qf8 28. Qb2 Qd6 29. Nf1 Bg6 30. Ne3 Kh7 31. Nf3 Qc7 32. Bg2 Kg8 33. Nd4 Kh7 34. Bf3 Qd6 35. Ng4 Nxg4 36. Bxg4 Qc7 37. Bh3 Qd6 38. Nf3 Qc7 39. Bf1 Bh5 40. Nd4 Bg6 41. Nc2 Qc5 42. Ne3 Bh5 43. Bh3 Qc7 44. Kf1 Qd6 45. Bg4 Bxg4 46. Nxg4 d4 47. h3 Qd5 48. Kg1 Qc5 49. Kf1 Qd5 50. Kg1 Qc5 51. e3 Qc3 52. Qe2 f5 53. Nh2 Ne5 54. exd4 Qxd4 55. Nf3 Nxf3+ 56. Qxf3 Qd5 57. Qh5 Qd7 58. b6 Kg7 59. Qe2 Qd5 60. Qb2+ Kg6 61. Qc3 f4 62. g4 Qf3 63. Qc8 Qxh3 64. Qxe6+ Kg7 65. Qe7+ Kg6 66. Qxb7 f3 67. Qc6+ Kf7 68. Qc7+ Ke6 69. Qg3 Qxg3+ 70. fxg3 Kd5 71. Kf2 Kc6 72. Kxf3 Kxb6 73. Ke4 1-0

[Event "Budapest Vezerkepzo IM-B 04"]
[Site "Budapest"]
[Date "2023.04.15"]
[Round "3"]
[White "Adithya, A Chullikkad"]
[Black "Lee, Kyungseok"]
[Result "1/2-1/2"]
[WhiteElo "2259"]
[BlackElo "2013"]
[PlyCount "117"]
[EventDate "2023.04.13"]
[EventType "tourn"]
[EventRounds "9"]
[EventCountry "HUN"]
[SourceTitle "CBM 213 Extra"]
[Source "ChessBase"]
[SourceDate "2023.05.31"]
[SourceVersion "1"]
[SourceVersionDate "2023.05.31"]
[SourceQuality "1"]

1. e4 e5 2. Nf3 Nc6 3. d4 exd4 4. Bc4 Nf6 5. e5 d5 6. Bb5 Nd7 7. 0-0 Be7 8. Bxc6 bxc6 9. Nxd4 Nb8 10. c3 c5 11. Nb3 c4 12. Nd4 0-0 13. Re1 c5 14. Ne2 Na6 15. Na3 Nc7 16. Ng3 Rb8 17. Qc2 Rb6 18. Be3 f6 19. exf6 Rbxf6 20. Rad1 Bd7 21. Rd2 R6f7 22. Qd1 Qc8 23. h3 Bc6 24. Qh5 Bd6 25. Nc2 Ne8 26. Rde2 Nf6 27. Qh4 Bd7 28. Bg5 Bxg3 29. fxg3 Ne4 30. Bf4 h6 31. Qh5 Rf5 32. Qf3 g5 33. Ne3 gxf4 34. Nxf5 Bxf5 35. gxf4 Qc6 36. g4 Bg6 37. f5 Bf7 38. Qf4 Qf6 39. Rg2 Re8 40. Re3 Kg7 41. g5 hxg5 42. h4 Re5 43. hxg5 Qxf5 44. Qh4 Qh7 45. Qf4 Rf5 46. g6 Rxf4 47. gxh7+ Kh8 48. Rge2 Bg6 49. Rg2 Kxh7 50. b3 d4 51. cxd4 cxd4 52. Rh3+ Kg7 53. bxc4 Rf6 54. Rd3 Rd6 55. Rg4 Kf6 56. c5 Rd5 57. Rf3+ Bf5 58. Rxe4 d3 59. Re1 1/2-1/2

[Event "Budapest Vezerkepzo IM-B 04"]
[Site "Budapest"]
[Date "2023.04.14"]
[Round "2"]
[White "Lee, Kyungseok"]
[Black "Vedant, Nitin Vekhande"]
[Result "1/2-1/2"]
[WhiteElo "2013"]
[BlackElo "2178"]
[PlyCount "108"]
[EventDate "2023.04.13"]
[EventType "tourn"]
[EventRounds "9"]
[EventCountry "HUN"]
[SourceTitle "CBM 213 Extra"]
[Source "ChessBase"]
[SourceDate "2023.05.31"]
[SourceVersion "1"]
[SourceVersionDate "2023.05.31"]
[SourceQuality "1"]

1. d4 Nf6 2. c4 e6 3. Nc3 Bb4 4. e3 0-0 5. Nge2 Re8 6. a3 Bf8 7. g3 d6 8. Bg2 e5 9. h3 c6 10. Qc2 Qe7 11. dxe5 dxe5 12. e4 Be6 13. b3 Na6 14. 0-0 Rad8 15. Be3 Qc7 16. Na4 Nd7 17. b4 Qb8 18. Nb2 Nc7 19. Rfc1 f6 20. Kh2 Bf7 21. c5 Be7 22. Rd1 Nf8 23. Nc4 Nfe6 24. a4 Na6 25. Qc3 Rxd1 26. Rxd1 Rd8 27. Rd2 Rxd2 28. Nxd2 Qd8 29. Bf3 h5 30. Nc1 Nd4 31. Bg2 Nc7 32. Bf1 Nce6 33. a5 a6 34. Bc4 Qd7 35. Kg2 Kf8 36. Qd3 Qc7 37. Ncb3 Nxb3 38. Qxb3 Qd7 39. Qd3 Qc8 40. Qb3 g6 41. Nf3 Bd8 42. Nh4 Kg7 43. Nf3 Bc7 44. Bc1 Nd8 45. Bxf7 Nxf7 46. Qd3 Qe6 47. Nh4 Bd8 48. Bd2 Be7 49. Be3 Bf8 50. Bd2 Kh7 51. Be3 Bh6 52. Bxh6 Kxh6 53. Nf3 Kg7 54. h4 Kf8 1/2-1/2

[Event "Budapest Vezerkepzo IM-B 04"]
[Site "Budapest"]
[Date "2023.04.13"]
[Round "1"]
[White "Otawa, Yuto"]
[Black "Lee, Kyungseok"]
[Result "1/2-1/2"]
[WhiteElo "2141"]
[BlackElo "2013"]
[PlyCount "82"]
[EventDate "2023.04.13"]
[EventType "tourn"]
[EventRounds "9"]
[EventCountry "HUN"]
[SourceTitle "CBM 213 Extra"]
[Source "ChessBase"]
[SourceDate "2023.05.31"]
[SourceVersion "1"]
[SourceVersionDate "2023.05.31"]
[SourceQuality "1"]

1. d4 Nf6 2. c4 e6 3. Nc3 Bb4 4. Qc2 d5 5. a3 Bxc3+ 6. Qxc3 Ne4 7. Qc2 c5 8. dxc5 Nc6 9. Nf3 Qa5+ 10. Bd2 Qxc5 11. e3 Nxd2 12. Nxd2 d4 13. b4 Qe7 14. Be2 dxe3 15. fxe3 Qh4+ 16. g3 Qh6 17. Qc3 0-0 18. 0-0 Ne7 19. Bf3 Nf5 20. Rae1 Rd8 21. Nb3 Qf6 22. Qxf6 gxf6 23. Be4 Ne7 24. Rd1 Rf8 25. Rxf6 Nf5 26. Bxf5 Kg7 27. Bxh7 Kxf6 28. Be4 Ke7 29. Na5 Rd8 30. Rxd8 Kxd8 31. Kf2 Kc7 32. g4 f5 33. gxf5 exf5 34. Bd5 Bd7 35. Nxb7 Rh8 36. Kg3 Rh6 37. Na5 Rg6+ 38. Kf4 Rh6 39. Kg3 Rg6+ 40. Kf2 Rh6 41. Kg2 Rg6+ 1/2-1/2

[Event "Budapest FS04 Nadassy"]
[Site "Budapest"]
[Date "2023.04.04"]
[Round "4"]
[White "Szalanczy, Emil"]
[Black "Lee, Kyungseok"]
[Result "1/2-1/2"]
[WhiteElo "2027"]
[BlackElo "2013"]
[PlyCount "108"]
[EventDate "2023.04.01"]
[EventType "schev"]
[EventRounds "12"]
[EventCountry "HUN"]
[SourceTitle "EXT 2024"]
[Source "ChessBase"]
[SourceDate "2023.10.10"]
[SourceVersion "1"]
[SourceVersionDate "2023.10.10"]
[SourceQuality "1"]
[WhiteTeam "Team Higher Elo	"]
[BlackTeam "Team Lower Elo"]
[WhiteTeamCountry "HUN"]
[BlackTeamCountry "HUN"]

1. e4 d6 2. d4 Nf6 3. Nc3 e5 4. dxe5 dxe5 5. Qxd8+ Kxd8 6. Bg5 Be6 7. 0-0-0+ Kc8 8. Nf3 Nbd7 9. a3 Ng4 10. Rd2 Bc5 11. Bh4 f6 12. h3 Nh6 13. g4 g5 14. Bg3 Nf7 15. Ne1 c6 16. Be2 Bd4 17. Nd1 Bb6 18. Ng2 Kc7 19. Nde3 Nd6 20. f3 Rad8 21. Rhd1 Nc5 22. h4 h6 23. h5 Nf7 24. Nc4 Rxd2 25. Rxd2 Bxc4 26. Bxc4 Nd6 27. Ba2 Nd7 28. Kd1 a5 29. Ke2 Rd8 30. b4 Nb5 31. Rd3 axb4 32. axb4 Nf8 33. Rxd8 Kxd8 34. Kd3 Nc7 35. c3 Nce6 36. Bc4 Nf4+ 37. Bxf4 exf4 38. e5 Nd7 39. exf6 Nxf6 40. Ne1 Ke7 41. Nc2 Kd6 42. Nd4 Bxd4 43. cxd4 b6 44. Bf7 Ke7 45. Bb3 Kd6 46. Ba2 Ke7 47. Bb3 Kd6 48. Bc4 Ke7 49. Ba6 Kd6 50. Bc8 Kc7 51. Bf5 Kd6 52. Be4 Nd5 53. Bxd5 cxd5 54. b5 Ke6 1/2-1/2

[Event "Seoul Korea Masters"]
[Site "Seoul"]
[Date "2021.12.11"]
[Round "7"]
[White "Ahn, Hongjin"]
[Black "Lee, Kyungseok"]
[Result "0-1"]
[WhiteElo "2298"]
[BlackElo "2027"]
[PlyCount "86"]
[EventDate "2021.12.06"]
[EventType "tourn"]
[EventRounds "7"]
[EventCountry "KOR"]
[SourceTitle "EXT 2023"]
[Source "ChessBase"]
[SourceDate "2022.10.05"]
[SourceVersion "1"]
[SourceVersionDate "2022.10.05"]
[SourceQuality "1"]

1. d4 d5 2. c4 e6 3. Nc3 a6 4. cxd5 exd5 5. Nf3 c6 6. Bg5 Be7 7. Bxe7 Nxe7 8. e3 0-0 9. Be2 Nd7 10. 0-0 Nf5 11. Qc2 Nd6 12. Na4 Re8 13. Bd3 Nf8 14. Rac1 Re6 15. Qc5 Nd7 16. Qc2 Rh6 17. Nc5 Nf8 18. Nb3 g5 19. Rfe1 g4 20. Nfd2 Ng6 21. Nf1 f5 22. Nbd2 Nh4 23. Ng3 Qf6 24. Ne2 Bd7 25. Nf4 Ng6 26. Qc5 Re8 27. g3 Nh8 28. a4 Nhf7 29. b4 Ng5 30. b5 axb5 31. axb5 Nh3+ 32. Nxh3 Rxh3 33. Bf1 Rh5 34. bxc6 bxc6 35. Ra1 Qh6 36. h4 gxh3 37. Ra7 Qe6 38. Qc2 f4 39. gxf4 Kh8 40. Kh1 Rg8 41. Be2 Rh6 42. Bf3 h2 43. Raa1 Rhg6 0-1

[Event "Seoul Korea Masters"]
[Site "Seoul"]
[Date "2021.12.10"]
[Round "6"]
[White "Li, Georgiy"]
[Black "Lee, Kyungseok"]
[Result "0-1"]
[WhiteElo "2035"]
[BlackElo "2027"]
[PlyCount "72"]
[EventDate "2021.12.06"]
[EventType "tourn"]
[EventRounds "7"]
[EventCountry "KOR"]
[SourceTitle "EXT 2023"]
[Source "ChessBase"]
[SourceDate "2022.10.05"]
[SourceVersion "1"]
[SourceVersionDate "2022.10.05"]
[SourceQuality "1"]

1. Nf3 d5 2. d4 Nf6 3. c4 e6 4. e3 c6 5. Nc3 Nbd7 6. Bd3 dxc4 7. Bxc4 b5 8. Bd3 a6 9. a4 b4 10. Ne4 c5 11. dxc5 Nxc5 12. Nxc5 Bxc5 13. Qc2 Qa5 14. 0-0 0-0 15. e4 h6 16. Bf4 Bb7 17. Nd2 Qb6 18. a5 Qc6 19. Rfc1 Rfc8 20. Nb3 Be7 21. Qe2 Qd7 22. Rd1 e5 23. Bg3 Qe6 24. Nd2 Bc5 25. h3 g6 26. Nf3 Bd6 27. Rac1 Rxc1 28. Rxc1 Nh5 29. Bh2 Qf6 30. g3 Qd8 31. Nh4 Nf4 32. gxf4 Qxh4 33. fxe5 Qg5+ 34. Qg4 Qxc1+ 35. Kg2 Bf8 36. Bf4 Qc8 0-1

[Event "Seoul Korea Masters"]
[Site "Seoul"]
[Date "2021.12.07"]
[Round "3"]
[White "Lee, Kyungseok"]
[Black "Chon, Yongjoon"]
[Result "1-0"]
[WhiteElo "2027"]
[BlackElo "1857"]
[PlyCount "55"]
[EventDate "2021.12.06"]
[EventType "tourn"]
[EventRounds "7"]
[EventCountry "KOR"]
[SourceTitle "EXT 2023"]
[Source "ChessBase"]
[SourceDate "2022.10.05"]
[SourceVersion "1"]
[SourceVersionDate "2022.10.05"]
[SourceQuality "1"]

1. e4 c5 2. Nf3 Nc6 3. Bb5 g6 4. 0-0 Bg7 5. Re1 Nf6 6. c3 0-0 7. d4 cxd4 8. cxd4 d5 9. e5 Ne4 10. Nc3 Nxc3 11. bxc3 Bg4 12. Bxc6 bxc6 13. Ba3 Rb8 14. h3 Bxf3 15. Qxf3 Qc7 16. h4 Rb5 17. h5 Qd7 18. e6 fxe6 19. Qh3 gxh5 20. Rxe6 Rfb8 21. Qe3 Rb1+ 22. Rxb1 Rxb1+ 23. Kh2 Rb8 24. Rxe7 Qd8 25. Qg5 Qf8 26. Bd6 Re8 27. Qxg7+ Qxg7 28. Rxe8+ 1-0

[Event "Seoul Korea Masters"]
[Site "Seoul"]
[Date "2021.12.06"]
[Round "1"]
[White "Cho, Seongho"]
[Black "Lee, Kyungseok"]
[Result "0-1"]
[WhiteElo "1936"]
[BlackElo "2027"]
[PlyCount "46"]
[EventDate "2021.12.06"]
[EventType "tourn"]
[EventRounds "7"]
[EventCountry "KOR"]
[SourceTitle "EXT 2023"]
[Source "ChessBase"]
[SourceDate "2022.10.05"]
[SourceVersion "1"]
[SourceVersionDate "2022.10.05"]
[SourceQuality "1"]

1. e4 d6 2. d4 Nf6 3. f3 e5 4. d5 Nh5 5. Be3 g6 6. g4 Nf4 7. Ne2 h5 8. Nxf4 exf4 9. Bd4 Rh7 10. gxh5 Qh4+ 11. Kd2 Rxh5 12. Nc3 c5 13. Bg1 Nd7 14. Qe2 Ne5 15. Rd1 Bd7 16. Nb5 Qd8 17. Na3 Qa5+ 18. Kc1 a6 19. Bf2 b5 20. Kb1 Bg7 21. h4 Rb8 22. Bh3 Nc4 23. Nxc4 bxc4 0-1

[Event "London Classic op"]
[Site "London"]
[Date "2017.12.05"]
[Round "5"]
[White "Lee, Kyungseok"]
[Black "Selkirk, Rebecca"]
[Result "1-0"]
[WhiteElo "1975"]
[BlackElo "1747"]
[PlyCount "53"]
[EventDate "2017.12.02"]
[EventType "swiss"]
[EventRounds "9"]
[EventCountry "ENG"]
[SourceTitle "CBM 182 Extra"]
[Source "ChessBase"]
[SourceDate "2018.02.23"]
[SourceVersion "1"]
[SourceVersionDate "2018.02.23"]
[SourceQuality "1"]

1. d4 d5 2. Bf4 Nf6 3. e3 e6 4. Nd2 Nbd7 5. Bd3 Be7 6. c3 0-0 7. Qb1 c5 8. Ngf3 b6 9. 0-0 Bb7 10. a4 Nb8 11. Ne5 Bd6 12. b4 cxb4 13. cxb4 Qe7 14. b5 h6 15. h3 Nfd7 16. Ndf3 Nxe5 17. Bxe5 f6 18. Bh7+ Kh8 19. Nh4 Qd8 20. Ng6+ Kxh7 21. Nxf8+ Kg8 22. Nxe6 Qe7 23. Bxd6 Qxd6 24. Nf4 a6 25. Qf5 Kf7 26. Rfc1 Nd7 27. Rc7 1-0

[Event "London Classic op"]
[Site "London"]
[Date "2017.12.04"]
[Round "4"]
[White "Kett, Timothy"]
[Black "Lee, Kyungseok"]
[Result "1-0"]
[WhiteElo "2204"]
[BlackElo "1975"]
[PlyCount "87"]
[EventDate "2017.12.02"]
[EventType "swiss"]
[EventRounds "9"]
[EventCountry "ENG"]
[SourceTitle "CBM 182 Extra"]
[Source "ChessBase"]
[SourceDate "2018.02.23"]
[SourceVersion "1"]
[SourceVersionDate "2018.02.23"]
[SourceQuality "1"]

1. e4 e5 2. Nf3 Nc6 3. Bb5 a6 4. Ba4 Nf6 5. 0-0 Be7 6. Re1 b5 7. Bb3 0-0 8. a4 Bb7 9. d3 d6 10. Nbd2 Na5 11. Ba2 c5 12. c3 Qc7 13. Nf1 c4 14. Ng3 Bc8 15. d4 Bd7 16. Nf5 Bxf5 17. exf5 e4 18. Nd2 d5 19. f3 Bd6 20. fxe4 Bxh2+ 21. Kh1 Bg3 22. e5 Bxe1 23. Qxe1 Nd7 24. Nf3 f6 25. e6 Rfe8 26. Qh4 Nf8 27. Bf4 Qe7 28. Re1 Nb7 29. g4 Nd6 30. Bb1 Ne4 31. Rxe4 dxe4 32. Bxe4 Rad8 33. g5 Nd7 34. Bc6 fxg5 35. Bxg5 Nf6 36. Ne5 b4 37. Bxe8 Rxe8 38. Nd7 bxc3 39. bxc3 Qa3 40. Bxf6 Qc1+ 41. Kg2 Qc2+ 42. Qf2 Qxc3 43. Bxg7 Rc8 44. f6 1-0

[Event "London Classic op"]
[Site "London"]
[Date "2017.12.03"]
[Round "2"]
[White "Lee, Kyungseok"]
[Black "Zujev, Oleg"]
[Result "0-1"]
[WhiteElo "1975"]
[BlackElo "2381"]
[PlyCount "80"]
[EventDate "2017.12.02"]
[EventType "swiss"]
[EventRounds "9"]
[EventCountry "ENG"]
[SourceTitle "CBM 182 Extra"]
[Source "ChessBase"]
[SourceDate "2018.02.23"]
[SourceVersion "1"]
[SourceVersionDate "2018.02.23"]
[SourceQuality "1"]

1. Nf3 c5 2. c4 Nc6 3. g3 g6 4. Bg2 Bg7 5. Nc3 e6 6. 0-0 Nge7 7. d3 0-0 8. Bd2 d5 9. cxd5 exd5 10. Rc1 b6 11. Re1 Bb7 12. Qc2 h6 13. Nb1 Nf5 14. a3 Re8 15. b4 cxb4 16. Bxb4 a5 17. Bc3 d4 18. Bb2 a4 19. Nbd2 Nd6 20. Nc4 Nb5 21. e3 Nc3 22. exd4 Rxe1+ 23. Rxe1 Nb5 24. d5 Ncd4 25. Nxd4 Nxd4 26. Qc1 b5 27. Ne5 Bxd5 28. Qf4 Nf5 29. Bh3 Qg5 30. Qxg5 hxg5 31. Bg2 Rd8 32. Rd1 Bxg2 33. Kxg2 Rd5 34. Re1 Nd4 35. Bxd4 Rxd4 36. Nf3 Rxd3 37. Re8+ Bf8 38. Rb8 Rd5 39. Kh3 Kg7 40. Kg4 f5+ 0-1

[Event "London Classic op"]
[Site "London"]
[Date "2017.12.02"]
[Round "1"]
[White "Arkell, Keith C"]
[Black "Lee, Kyungseok"]
[Result "1/2-1/2"]
[WhiteElo "2416"]
[BlackElo "1975"]
[PlyCount "90"]
[EventDate "2017.12.02"]
[EventType "swiss"]
[EventRounds "9"]
[EventCountry "ENG"]
[SourceTitle "CBM 182 Extra"]
[Source "ChessBase"]
[SourceDate "2018.02.23"]
[SourceVersion "1"]
[SourceVersionDate "2018.02.23"]
[SourceQuality "1"]

1. d4 Nf6 2. Nf3 e6 3. c4 b6 4. a3 Bb7 5. Nc3 d5 6. cxd5 Nxd5 7. Bg5 Be7 8. Bxe7 Qxe7 9. Qa4+ Qd7 10. Qc2 0-0 11. e3 h6 12. Rc1 Nxc3 13. Qxc3 Rc8 14. b4 a5 15. Be2 axb4 16. axb4 Qd6 17. 0-0 Nc6 18. b5 Ne7 19. Ra1 c6 20. bxc6 Bxc6 21. Qb2 Rxa1 22. Rxa1 Be4 23. Nd2 Ba8 24. Bf3 Bxf3 25. Nxf3 Rb8 26. Ne5 Nc6 27. Nd3 Na5 28. Qb5 Rd8 29. Rb1 Rb8 30. h3 Qc6 31. Qa6 Qb7 32. Qb5 Qc6 33. Qe5 Rd8 34. Nb4 Qc4 35. Qe4 Rc8 36. g4 Nb3 37. Qb7 Nd2 38. Rd1 Rf8 39. Nc6 Qe2 40. Ne7+ Kh8 41. Ra1 Nf3+ 42. Kg2 Ne1+ 43. Kg1 Nf3+ 44. Kg2 Ne1+ 45. Kg1 Nf3+ 1/2-1/2

[Event "Ho Chi Minh City HD Bank op 5th"]
[Site "Ho Chi Minh City"]
[Date "2015.03.21"]
[Round "7"]
[White "Nguyen, Huynh Tuan Hai"]
[Black "Lee, Kyungseok"]
[Result "1-0"]
[WhiteElo "1881"]
[BlackElo "1959"]
[PlyCount "111"]
[EventDate "2015.03.17"]
[EventType "swiss"]
[EventRounds "9"]
[EventCountry "VIE"]
[SourceTitle "CBM 165 Extra"]
[Source "ChessBase"]
[SourceDate "2015.04.21"]
[SourceVersion "1"]
[SourceVersionDate "2015.04.21"]
[SourceQuality "1"]

1. e4 e5 2. Nf3 Nc6 3. Bb5 a6 4. Ba4 Nf6 5. 0-0 Be7 6. Re1 b5 7. Bb3 0-0 8. d3 d6 9. c3 Na5 10. Bc2 c5 11. Nbd2 Re8 12. h3 Bf8 13. Nf1 g6 14. d4 Bb7 15. d5 Nc4 16. b3 Nb6 17. Ne3 Bc8 18. Bd3 Bd7 19. g4 Qc7 20. Qe2 Reb8 21. c4 b4 22. Nh2 a5 23. g5 Nh5 24. Neg4 Bg7 25. Qf3 Qd8 26. Rb1 a4 27. Nf1 Qe7 28. Ng3 Bxg4 29. Qxg4 Nxg3 30. Qxg3 a3 31. h4 Rf8 32. Kg2 Nd7 33. h5 Rfd8 34. Rh1 Nf8 35. Rh4 Re8 36. Bd2 Bh8 37. Rbh1 Ra7 38. Be2 Qd8 39. Bg4 Rc7 40. Qh3 Ree7 41. Rf1 Qe8 42. Qg3 Qd8 43. Bh3 Re8 44. Bg4 Ree7 45. Bd1 Re8 46. Qh3 Qd7 47. Bg4 Qd8 48. Qh2 Qe7 49. hxg6 fxg6 50. Qh3 Qd8 51. Rh1 Ree7 52. Rh6 Rf7 53. Be6 Nxe6 54. Rxg6+ Ng7 55. Qxh7+ Kf8 56. Qxh8+ 1-0

[Event "Ho Chi Minh City HD Bank op 5th"]
[Site "Ho Chi Minh City"]
[Date "2015.03.19"]
[Round "4"]
[White "Lee, Kyungseok"]
[Black "Truong, Anh Kiet"]
[Result "1/2-1/2"]
[WhiteElo "1959"]
[BlackElo "1766"]
[PlyCount "150"]
[EventDate "2015.03.17"]
[EventType "swiss"]
[EventRounds "9"]
[EventCountry "VIE"]
[SourceTitle "CBM 165 Extra"]
[Source "ChessBase"]
[SourceDate "2015.04.21"]
[SourceVersion "1"]
[SourceVersionDate "2015.04.21"]
[SourceQuality "1"]

1. d4 Nf6 2. Nf3 e6 3. c4 Bb4+ 4. Bd2 Qe7 5. Nc3 b6 6. g3 Bb7 7. Bg2 Nc6 8. 0-0 Na5 9. b3 0-0 10. Ne1 Bxg2 11. Kxg2 d5 12. cxd5 Nxd5 13. Nxd5 exd5 14. Nf3 Rfd8 15. Qe1 Bxd2 16. Qxd2 f6 17. Rac1 Rac8 18. Rc2 Nb7 19. Rfc1 c5 20. Qd3 a5 21. Qa6 Rd6 22. Kg1 Rdc6 23. dxc5 bxc5 24. Qb5 Qc7 25. Nd4 Qb6 26. Qxb6 Rxb6 27. Nf5 Kf7 28. Rd1 Rd8 29. Rcd2 d4 30. Rc2 g6 31. Nh4 Rb4 32. Nf3 a4 33. bxa4 Rxa4 34. Rb1 Rd7 35. Nd2 Re7 36. Nb3 Rb4 37. Rbc1 h5 38. Kf1 Ra4 39. Nxc5 Nxc5 40. Rxc5 Rxa2 41. R1c2 Ra1+ 42. Rc1 Ra2 43. R5c2 Ra4 44. Rc7 Ra7 45. Rxa7 Rxa7 46. Rc4 Rd7 47. Ke1 Ke6 48. Rc6+ Ke5 49. Kd2 Kf5 50. h3 g5 51. Kd3 Ke5 52. Rc5+ Rd5 53. f4+ gxf4 54. gxf4+ Ke6 55. Rc4 Kf5 56. e4+ dxe3+ 57. Kxe3 Ra5 58. Kf2 h4 59. Rc3 Kxf4 60. Rc4+ Kg5 61. Rg4+ Kh5 62. Rg8 Ra2+ 63. Kg1 f5 64. Kh1 Ra3 65. Kh2 Ra6 66. Rh8+ Kg5 67. Kg2 Ra2+ 68. Kg1 Kf4 69. Rg8 Kf3 70. Rg5 Kf4 71. Rg8 Ra3 72. Kg2 Rg3+ 73. Rxg3 hxg3 74. h4 Kg4 75. h5 Kxh5 1/2-1/2

[Event "Ho Chi Minh City HD Bank op 5th"]
[Site "Ho Chi Minh City"]
[Date "2015.03.17"]
[Round "1"]
[White "Bersamina, Paulo"]
[Black "Lee, Kyungseok"]
[Result "1-0"]
[WhiteElo "2359"]
[BlackElo "1959"]
[PlyCount "61"]
[EventDate "2015.03.17"]
[EventType "swiss"]
[EventRounds "9"]
[EventCountry "VIE"]
[SourceTitle "CBM 165 Extra"]
[Source "ChessBase"]
[SourceDate "2015.04.21"]
[SourceVersion "1"]
[SourceVersionDate "2015.04.21"]
[SourceQuality "1"]

1. e4 e5 2. Nf3 Nc6 3. d4 exd4 4. Bc4 Nf6 5. e5 d5 6. Bb5 Ne4 7. Nxd4 Bd7 8. Bxc6 bxc6 9. 0-0 Be7 10. f3 Nc5 11. f4 f5 12. b4 Ne6 13. Nxf5 Bxb4 14. Ng3 Qh4 15. Kh1 g6 16. a3 Bc5 17. f5 gxf5 18. Nxf5 Qe4 19. Nd2 Qa4 20. Qh5+ Kd8 21. Nb3 Bb6 22. Bg5+ Kc8 23. Bf6 Re8 24. Rab1 c5 25. Qxh7 c4 26. Nd2 d4 27. Rb4 Qxa3 28. Rxc4 Bc5 29. Ne4 Bb5 30. Ned6+ cxd6 31. Nxd6+ 1-0